LDR 00591naa#a2200169#i#450# 001 EN\INFRA-M\bibl\116521 005 20260630221918.2 011 ## _a2306-627X 100 ## _a20260615b2026####ek#y0engy0150####ca 102 ## _aRU 200 1# _aEvolution of the theory of dynamic abilities: from resource statics to a cognitive-process model _eJournal article 210 1# _aMoscow _cINFRA-M Academic Publishing LLC. _d2026 215 ## _a9 с. 608 ## _aJournal article _2local 675 ## _aЭкономика. Экономические науки. 33 _z 700 #1 _aIl'ina _gOksana Vladimirovna 856 4# _anaukaru.ru _u